| 000 | 00454nam a2200181Ia 4500 | ||
|---|---|---|---|
| 005 | 20250423101414.0 | ||
| 008 | 250422s9999 xx 000 0 und d | ||
| 020 | _a9789787973325 | ||
| 050 | _aHJ 9733 .E35/ | ||
| 100 | _aEjikonye, Emeka | ||
| 245 | 4 | _aThe public accountability of public budgeting | |
| 260 | _aNigeria | ||
| 260 | _bDragnet Concepts | ||
| 260 | _c2023 | ||
| 300 | _a85 p | ||
| 650 | _aFinance, Public--Accounting. | ||
| 942 | _cBK | ||
| 999 |
_c36209 _d36209 |
||